[Event "GER CCM-E03-C email"]
[Site "GER email"]
[Date "2019.06.19"]
[Round "?"]
[White "Hartwich, Andreas"]
[Black "Marquardt, Guenter"]
[Result "1/2-1/2"]
[WhiteElo "2256"]
[BlackElo "2257"]
[PlyCount "71"]
[EventDate "2019.??.??"]
[EventType "tourn (corr)"]
[EventRounds "13"]
[EventCountry "GER"]
[SourceTitle "Corr 2022"]
[Source "ChessBase"]
[SourceDate "2021.10.24"]
[SourceVersion "1"]
[SourceVersionDate "2021.10.24"]
[SourceQuality "1"]

1. d4 Nf6 2. c4 e6 3. Nf3 d5 4. Nc3 c5 5. cxd5 cxd4 6. Qxd4 exd5 7. e4 Nc6 8. Bb5 dxe4 9. Qxd8+ Kxd8 10. Ng5 Be6 11. Nxe6+ fxe6 12. Bxc6 bxc6 13. Ke2 Ke7 14. Rd1 Kf7 15. Rd4 Be7 16. Nxe4 Nxe4 17. Rxe4 Rhb8 18. Rb1 a5 19. Rc4 Ra6 20. Bd2 Rb5 21. a4 Rb3 22. Bc3 Bf6 23. Rd1 Ke7 24. g3 g5 25. h3 h6 26. Rc5 Bxc3 27. bxc3 Ra3 28. Rd4 Rb6 29. Kf3 Rb4 30. Rd2 Rbxa4 31. Rxc6 h5 32. Re2 Kd7 33. Rcxe6 Rxc3+ 34. Kg2 Rac4 35. Ra6 a4 36. Rd2+ 1/2-1/2

[Event "GER CCM-E03-C email"]
[Site "GER email"]
[Date "2019.06.19"]
[Round "?"]
[White "Marquardt, Guenter"]
[Black "Carapinha, Francisco"]
[Result "0-1"]
[WhiteElo "2257"]
[BlackElo "2260"]
[PlyCount "52"]
[EventDate "2019.??.??"]
[EventType "tourn (corr)"]
[EventRounds "13"]
[EventCountry "GER"]
[SourceTitle "Corr 2022"]
[Source "ChessBase"]
[SourceDate "2021.10.24"]
[SourceVersion "1"]
[SourceVersionDate "2021.10.24"]
[SourceQuality "1"]

1. c4 Nf6 2. d4 e6 3. Nf3 b6 4. g3 Ba6 5. b3 Bb4+ 6. Bd2 Be7 7. Bg2 c6 8. 0-0 d5 9. a4 0-0 10. Ne5 Nfd7 11. Nd3 Nf6 12. Ne5 Nfd7 13. Nc3 Nxe5 14. cxd5 cxd5 15. dxe5 Nc6 16. f4 Qd7 17. Nb5 Rac8 18. Kh1 Bxb5 19. axb5 Nd4 20. e4 dxe4 21. Be3 Rfd8 22. Bxd4 Qxd4 23. Qxd4 Rxd4 24. Rfe1 e3 25. Rxe3 Rc2 26. Be4 Rb2 0-1

[Event "GER CCM-E03-C email"]
[Site "GER email"]
[Date "2019.06.19"]
[Round "?"]
[White "Marquardt, Guenter"]
[Black "Schulz, Rene"]
[Result "1-0"]
[WhiteElo "2257"]
[BlackElo "2261"]
[PlyCount "103"]
[EventDate "2019.??.??"]
[EventType "tourn (corr)"]
[EventRounds "13"]
[EventCountry "GER"]
[SourceTitle "Corr 2022"]
[Source "ChessBase"]
[SourceDate "2021.10.24"]
[SourceVersion "1"]
[SourceVersionDate "2021.10.24"]
[SourceQuality "1"]

1. e4 e5 2. Nf3 Nc6 3. Bb5 a6 4. Ba4 Nf6 5. 0-0 Be7 6. Re1 b5 7. Bb3 0-0 8. c3 d6 9. h3 Nb8 10. a4 Bb7 11. Bc2 Nbd7 12. d4 Re8 13. Nbd2 Bf8 14. Bd3 c6 15. Qc2 Rc8 16. axb5 axb5 17. b3 g6 18. Bb2 exd4 19. cxd4 Nh5 20. Bc3 Nf4 21. Bf1 Qc7 22. g3 Ne6 23. h4 Bg7 24. b4 Nb6 25. Nb3 Na4 26. Bd2 Qb6 27. h5 c5 28. bxc5 dxc5 29. Ba5 Qa6 30. Rxa4 c4 31. Ra2 cxb3 32. Qxb3 Bxd4 33. Qxb5 Qa7 34. Qb1 Ra8 35. h6 Bc6 36. Nxd4 Qxd4 37. Bb6 Qf6 38. Bg2 Rxa2 39. Qxa2 Qc3 40. Ba5 Qc5 41. Bd2 Rd8 42. Rc1 Qh5 43. Qb2 Qe2 44. Bc3 Qxb2 45. Bxb2 Ba4 46. Bf1 Rd1 47. Rc8+ Rd8 48. Rxd8+ Nxd8 49. f3 Kf8 50. g4 Ne6 51. Bf6 Bd1 52. Kf2 1-0

[Event "GER CCM-E02-D email"]
[Site "GER email"]
[Date "2018.06.19"]
[Round "?"]
[White "Marquardt, Guenter"]
[Black "Schmalz, Peter"]
[Result "1/2-1/2"]
[WhiteElo "2198"]
[BlackElo "2257"]
[PlyCount "116"]
[EventDate "2018.??.??"]
[EventType "tourn (corr)"]
[EventRounds "13"]
[EventCountry "GER"]
[SourceTitle "Corr 2020"]
[Source "ChessBase"]
[SourceDate "2019.09.30"]
[SourceVersion "1"]
[SourceVersionDate "2019.09.30"]
[SourceQuality "1"]

1. d4 d5 2. c4 c6 3. Nc3 Nf6 4. e3 e6 5. Nf3 Nbd7 6. Qc2 Bd6 7. g4 h6 8. Bd2 dxc4 9. Bxc4 b5 10. Be2 Bb7 11. e4 Be7 12. e5 b4 13. Na4 Nd5 14. Rc1 Qa5 15. 0-0 c5 16. Nxc5 Nxc5 17. dxc5 Rc8 18. Nd4 Rxc5 19. Qd3 Qb6 20. Rxc5 Bxc5 21. Qb5+ Ke7 22. Nb3 Qxb5 23. Bxb5 Bb6 24. Rc1 Rc8 25. Rxc8 Bxc8 26. g5 hxg5 27. Bxg5+ Kf8 28. Bd2 Bc7 29. Nc5 Ke7 30. Bg5+ Kf8 31. Bc1 Bb6 32. Nb3 Bc7 33. Nc5 Bb6 34. Nb3 Kg8 35. Bc6 Kh7 36. Bxd5 exd5 37. Be3 Kg6 38. Nd4 Bh3 39. f3 a5 40. Kf2 Bd7 41. f4 Kh5 42. Kg3 Bc7 43. Nb3 Bf5 44. Nd4 Bd7 45. Nf3 Bf5 46. Nd4 Be6 47. Nb5 Bd8 48. Bd4 g5 49. fxg5 Bxg5 50. Bb6 a4 51. Bc5 b3 52. axb3 Bh4+ 53. Kg2 axb3 54. Nd4 Kg4 55. Nxb3 Bf5 56. Nd4 Be4+ 57. Kf1 Bg5 58. e6 fxe6 1/2-1/2

[Event "GER CCM-E02-D email"]
[Site "GER email"]
[Date "2018.06.19"]
[Round "?"]
[White "Marten, Gero"]
[Black "Marquardt, Guenter"]
[Result "1-0"]
[WhiteElo "2235"]
[BlackElo "2198"]
[PlyCount "113"]
[EventDate "2018.??.??"]
[EventType "tourn (corr)"]
[EventRounds "13"]
[EventCountry "GER"]
[SourceTitle "Corr 2020"]
[Source "ChessBase"]
[SourceDate "2019.09.30"]
[SourceVersion "1"]
[SourceVersionDate "2019.09.30"]
[SourceQuality "1"]

1. e4 e5 2. Nf3 Nc6 3. Bb5 a6 4. Ba4 Nf6 5. Qe2 Bd6 6. c3 0-0 7. d3 Re8 8. Nbd2 b5 9. Bc2 Bc5 10. 0-0 h6 11. h3 d5 12. a4 b4 13. a5 Ra7 14. Re1 Re6 15. exd5 Nxd5 16. Ne4 Bf8 17. Bb3 Rb7 18. Bc4 Rb8 19. Qc2 Rg6 20. Kh1 Qd7 21. Nh4 Re6 22. Bd2 Na7 23. Be3 Nc6 24. Qa4 Nf6 25. f4 Nxe4 26. dxe4 exf4 27. Bxf4 bxc3 28. bxc3 g5 29. Rad1 Qe8 30. Bxc7 Rb7 31. Bxe6 Bxe6 32. Rd8 Qe7 33. Rxf8+ Qxf8 34. Qxc6 Qc8 35. Qxa6 Qxc7 36. Nf5 Kh7 37. Nd4 Qxc3 38. Rg1 Re7 39. Nxe6 Rxe6 40. Qb7 Qf6 41. e5 Rxe5 42. a6 Re7 43. Qb1+ Kg7 44. Qa1 Ra7 45. Qxf6+ Kxf6 46. Ra1 Ke5 47. Kh2 Kd6 48. h4 Ke5 49. hxg5 hxg5 50. Kg3 Kf5 51. Kf3 Ke5 52. Ra5+ Ke6 53. Ke4 Ke7 54. Kf5 f6 55. Ra4 Kf7 56. Ra2 g4 57. Kxg4 1-0